| 000 | 00655nam a22002654a 4500 | ||
|---|---|---|---|
| 001 | UByD003313 | ||
| 003 | AR-LpoUNG | ||
| 005 | 20241101102545.0 | ||
| 008 | 241101s2019 ag 000 f spa d | ||
| 020 | _a9789871768042 | ||
| 040 |
_aAR-LpoUNG _bspa _cAR-LpoUNG _eaacr |
||
| 041 | 0 | _aspa | |
| 082 | 0 | _aA863 834par | |
| 100 | 1 | _aCosin, Virginia | |
| 245 | 1 | 0 | _aPartida de nacimiento |
| 250 | _a1ra. ed., 1ra. reimp. | ||
| 260 |
_aBuenos Aires : _bEntropĂa, _c2019. |
||
| 300 | _a95 p. | ||
| 650 | 4 | _a LITERATURA | |
| 650 | 4 | _aNOVELAS | |
| 650 | 4 | _aNARRATIVA | |
| 650 | 4 | _aLITERATURA ARGENTINA | |
| 651 | 4 | _aARGENTINA | |
| 942 |
_2ddc _cLIB |
||
| 999 |
_c65977 _d65977 |
||